Financial accounting / (Record no. 25227)
[ view plain ]
| 000 -LEADER | |
|---|---|
| fixed length control field | 00497nam a2200181 a 4500 |
| 005 - DATE AND TIME OF LATEST TRANSACTION | |
| control field | 20140626155341.0 |
| 008 - FIXED-LENGTH DATA ELEMENTS--GENERAL INFORMATION | |
| fixed length control field | 120803s19uu xx 00 eng d |
| 020 ## - INTERNATIONAL STANDARD BOOK NUMBER | |
| International Standard Book Number | 9719919247 |
| 050 ## - LIBRARY OF CONGRESS CALL NUMBER | |
| Classification number | HF 5635 |
| Item number | .V238 2012 vol.3 |
| 100 ## - MAIN ENTRY--PERSONAL NAME | |
| Personal name | Valix, Conrado T. |
| 245 ## - TITLE STATEMENT | |
| Title | Financial accounting / |
| 260 ## - PUBLICATION, DISTRIBUTION, ETC. (IMPRINT) | |
| Place of publication, distribution, etc | Manila : |
| Name of publisher, distributor, etc | GIC Enterprise & Co. Inc., |
| Date of publication, distribution, etc | 2012. |
| 300 ## - PHYSICAL DESCRIPTION | |
| Extent | 952 p. |
| 650 ## - SUBJECT ADDED ENTRY--TOPICAL TERM | |
| Topical term or geographic name as entry element | Financial accounting |
| 700 ## - ADDED ENTRY--PERSONAL NAME | |
| Personal name | Peralta, Jose F. |
| 700 ## - ADDED ENTRY--PERSONAL NAME | |
| Personal name | Valix, Christian Aris M. |
| 942 ## - ADDED ENTRY ELEMENTS (KOHA) | |
| Koha item type | Books |
| Source of classification or shelving scheme | Library of Congress Classification |
| Withdrawn status | Lost status | Source of classification or shelving scheme | Damaged status | Home library | Current library | Shelving location | Date acquired | Total Checkouts | Total Renewals | Full call number | Barcode | Date last seen | Date checked out | Price effective from | Koha item type |
|---|---|---|---|---|---|---|---|---|---|---|---|---|---|---|---|
| Library of Congress Classification | College Library | College Library | Reserve Section | 08/03/2012 | 6 | 49 | HF 5635 .V238 2012 vol.3 | C15193 | 08/13/2018 | 08/09/2018 | 10/18/2013 | Books |